Riego localizado

محفوظ في:
التفاصيل البيبلوغرافية
المؤلفون الرئيسيون: Rodrigo López, J (مؤلف), Hernández Abreu, J. M (مؤلف), Pérez Regalado, A (مؤلف), González Hernández, J. F (مؤلف)
التنسيق: كتاب
اللغة:الإسبانية
منشور في: Madrid Mundi Prensa 1997
الطبعة:2a. ed
الموضوعات:
الوسوم: إضافة وسم
لا توجد وسوم, كن أول من يضع وسما على هذه التسجيلة!

MARC

LEADER 00000nam a2200000 a 4500
001 UCP5151
003 CL-VaPUC
008 990903e19970000SP |||||||||||||||||spa|d
082 0 4 |a 631.7  |b ROD  |2 21 
100 0 |a Rodrigo López, J  |e author  |9 433301 
700 0 |a Hernández Abreu, J. M  |e author  |9 433302 
700 0 |a Pérez Regalado, A  |e author  |9 433303 
700 0 |a González Hernández, J. F  |e author  |9 433304 
245 1 0 |a Riego localizado 
250 |a 2a. ed 
300 |a 405 p 
942 |c BK 
945 |d 19990903 00:00:00  |a rbrito 
260 |a Madrid  |b Mundi Prensa  |c 1997 
650 0 |a Riego localizado  |9 392252 
650 7 |a GOTEO  |2 CL-VaPUC  |9 433305 
650 7 |a MICROASPERSION  |2 CL-VaPUC  |9 427298 
650 0 |a Hidráulica   |9 260193 
650 7 |a FILTROS  |2 CL-VaPUC  |9 323901 
650 7 |a FERTILIZADORES  |2 CL-VaPUC  |9 433306 
583 |a last modification  |c 19990903 00:00:00  |k Rodrigo Vera 
999 |c 282946  |d 282944 
952 |0 0  |1 0  |4 0  |6 631_700000000000000_ROD_1997  |7 0  |8 A  |9 325608  |a BIBING  |b BIBING  |d 2019-11-20  |i 3559270  |o 631.7 ROD 1997  |p 3559270  |r 2025-01-20  |w 2019-11-20  |y BK  |k CCL